| 000 | 00976nam a2200253Ia 4500 | ||
|---|---|---|---|
| 003 | GCL | ||
| 005 | 20240530101903.0 | ||
| 008 | 140319s9999 xx 000 0 ara d | ||
| 040 |
_aGCL / _cGCL |
||
| 082 | 0 | 4 |
_a398.0962031 _bق/ب ع |
| 100 | 1 | _aابراهيم احمد شعلان | |
| 245 | 1 | 0 |
_aالعادات والتقاليد المصرية : _bمن الامثال الشعبية فى عهد محمد على / _cابراهيم احمد شعلان |
| 260 |
_aالقاهرة : _bالهيئة المصرية العامة للكتاب ، _c1989 |
||
| 300 |
_a210 ص ؛ _c24 سم |
||
| 490 |
_aالالف كتاب الثانى _v73 |
||
| 650 | 0 | 4 | _aالفولكلور |
| 650 | 0 | 4 | _aالامثال العامية العربية |
| 650 | 0 | 4 | _aالادب الشعبى |
| 650 | 0 | 4 | _aالقصص الشعبية |
| 650 | 0 | 4 | _aالفولكلور المصرى |
| 650 | 0 | 4 | _aالامثال الشعبية |
| 700 | 1 | _aبوركهارت، جون لويس | |
| 942 |
_2ddc _cBK |
||
| 999 |
_c28473 _d28473 |
||